Statistics for Multiples of 29 Quiz

Click here to take the quiz!

General Stats

  • This quiz has been taken 90 times
  • The average score is 24 of 25

Answer Stats

Answer% Correct
29
100%
58
100%
87
100%
116
99%
145
99%
174
97%
203
97%
232
97%
261
97%
290
97%
319
97%
348
97%
377
97%
406
97%
435
97%
464
97%
493
97%
522
97%
551
97%
580
97%
609
96%
638
94%
667
94%
696
94%
725
91%

Score Distribution

Percentile by Number Answered

Percent of People with Each Score

Your Score History

You have not taken this quiz